000 00524nam a2200181Ia 4500
003 IN-BaIIA
008 211028s9999 xx 000 0 eng d
020 _a0-900414-31-6
040 _cIIA Library
080 _a77(058)
_bBJP-85
100 _aCarwley, Geoffrey
_913685
245 0 _aBritish Journal of Photography Annual 1985
_cGeoffrey Carwley
260 _aLondon
_bHenry Greenwood
_c1985
300 _a206p.
650 _aNASA thesaurus
650 _aPhotography
942 _cBK
999 _c8129
_d8129